000 00347nam a2200133Ia 4500
008 240624s9999 xx 000 0 und d
041 _aeng
082 _a330 COH
100 _aCOHEN DANIEL
245 _aHOMO ECONOMICUS THE LOST PROPHET OF MODE
260 _c2014
_aCambridge
_bPolity Press
300 _avi, : 155 : p. : cm. ; 22
365 _c
_b26
999 _c23475
_d23475